<?xml version="1.0" encoding="UTF-8"?>
<collection xmlns="http://www.loc.gov/MARC21/slim">
  <record>
    <leader>00000nam  2200000   4500</leader>
    <controlfield tag="001">INLIS000000000018485</controlfield>
    <controlfield tag="005">20241119095500</controlfield>
    <datafield tag="035" ind1="#" ind2="#">
      <subfield code="a">0010-1124000151</subfield>
    </datafield>
    <controlfield tag="007">ta</controlfield>
    <controlfield tag="008">241119###########################0######</controlfield>
    <datafield tag="245" ind1="#" ind2="#">
      <subfield code="a">PharmaCollaborate UNTAD :</subfield>
      <subfield code="b">Kolaborasi Program Studi Farmasi FMIPA UNTAD dengan Industri dalam Mengoptimalkan Kegiatan Akademik /</subfield>
      <subfield code="c">apt. Nela Sharon, S.Farm., M.Farm</subfield>
    </datafield>
    <datafield tag="260" ind1="#" ind2="#">
      <subfield code="a">Makassar :</subfield>
      <subfield code="b">Puslatbang KMP LAN RI,</subfield>
      <subfield code="c">2024</subfield>
    </datafield>
    <datafield tag="300" ind1="#" ind2="#">
      <subfield code="a">42 ;</subfield>
      <subfield code="c">30</subfield>
    </datafield>
    <datafield tag="650" ind1="#" ind2="4">
      <subfield code="a">Kolaborasi</subfield>
    </datafield>
    <datafield tag="700" ind1=" " ind2="#">
      <subfield code="a">Ahmad Amiruddin, S.Kep., Ns (Mentor)</subfield>
    </datafield>
    <datafield tag="700" ind1=" " ind2="#">
      <subfield code="a">Dr. Lif. Sc. I Nengah Suwastika, M.Sc., M.Lif.Sc (Coach)</subfield>
    </datafield>
    <datafield tag="520" ind1="#" ind2="#">
      <subfield code="a">Kegiatan aktualisasi dan habituasi didasarkan pada hasil observasi di program studi farmasi FMIPA Universitas Tadulako. Hasil pengamatan menunjukkan terdapat masalah terkait dengan kolaborasi dengan pihak Industri yang menunjang kegiatan akademik. Terkait dengan isu tersebut, maka penulis mengimplementasi dan mengkaitkan dengan nilai dasar ASN yaitu BerAKHLAK (Berorientasi Pelayanan, Akuntabel, Kompeten, Harmonis, Loyal, Adaptif, Kolaboratif dengan isu "Belum adanya kolaborasi dengan Industri farmasi untuk mengoptimalkan kegiatan akademik". Berdasarkan isu tersebut maka dirumuskan tujuan rancangan aktualisasi yaitu Menjalin kolaborasi dengan industri farmasidalam mengoptimalkan kegiatan akademik dengan mengimplementasikan nilai dasar ASN BerAKHLAK dan mata pelatihan Smart ASN dalam setiap rancangan aktualisasi. Rancangan aktualisasi meliputi 4 kegiatan yaitu 1. Membuat perjanjian kerjasama dengan industri; 2. Membuat formula untuk Industri; 3. Melakukan sosialisasi tentang pembuatan sediaan farmasi; 4. Melakukan kuliah tamu dari industri. Kegiatan ini mencakup tridharma perguruan tinggi yaitu Pendidikan, Penelitian dan Pengabdian dan berlangsung kurang lebih 4 minggu yang dilaksanakan di prodi Farmasi Universitas Tadulako. Dari kegiatan ini diharapkan mampu mencapai Kolaborasi antara prodi Farmasi dan Industri farmasi dalam mewujudkan kinerja perguruan tinggi melalui Indikator Kinerja Utama Perguruan Tinggi Negeri (IKU-PTN) mencakup IKU-4 (Praktisi Mengajar di Dalam Kampus) dan IKU-5 (Hasil Kerja Dosen Digunakan oleh Masyarakat)</subfield>
    </datafield>
    <datafield tag="856" ind1="#" ind2="#">
      <subfield code="a">Puslatbang KMP LAN</subfield>
    </datafield>
  </record>
</collection>
